000 00474nam a22001577a 4500
005 20251108172750.0
008 250721s2003 xx 000 0 ara d
082 1 4 _a674.8/محم
100 1 _aمحمد، أيمن سعدي
_eمؤلف
245 1 0 _aعلم النجارة الحديث :تكنولوجيا النجارة /
264 1 _aعمان :
_bدار صفاء،
_c2003.
300 _a128ص
650 1 7 _aصناعة الأخشاب
942 _2ddc
_cBK
999 _c87939
_d87939